| 000 | nam a22 a 4500 | ||
|---|---|---|---|
| 999 |
_c332535 _d332535 |
||
| 003 | BLK | ||
| 005 | 20220307094442.0 | ||
| 008 | 190709b bu ||||| |||| 00| 0 bu d | ||
| 040 | _aBLK | ||
| 041 |
_aBUL _cBUL |
||
| 080 |
_aОбщинско управление _b352.07 _x(497.215) _z352.07(497.215) |
||
| 080 |
_aГраждански контрол. Омбудсман. Контрол за общественото управление. Контрол от страна на самата администрация, от съда, парламента _b351.9 _x(497.215) _z351.9(497.215) |
||
| 139 |
_aВидими резултати за Русе _bВ 57 |
||
| 245 |
_aВидими резултати за Русе _b2011 - 2015 - 2019 |
||
| 260 |
_aРусе _cб. г. |
||
| 300 |
_a72 с. _bс ил., сх. _c21Х23 см |
||
| 380 | _a3 | ||
| 650 | 0 |
_9244240 _aОбщини - организация и управление |
|
| 653 | 7 |
_9192657 _aобщински проекти |
|
| 653 | 7 |
_9182112 _aблагоустройство |
|
| 653 | 7 |
_9190876 _aместно управление |
|
| 653 | 7 | _aОбщина Русе | |
| 852 | _cК 35/В 57 | ||
| 942 |
_cKNG _n0 _s1 |
||
| 944 |
_aCR _c2019-07-09 _kГеновева Генчева |
||
| 999 | _d332535 | ||
| 999 | _d332535 | ||